00483nam a2200145 a 4500008004100000020001800041050001500059100002600074245010700100250001200207260004400219300003700263650001300300700002400313130423s2007 ||||||||||||||||| || u a9780618730681 aQA 453 Ale aKoeberlein, Geralyn M10aElementary Geometry: for college students. (4th ed.)cby Daniel C. Alexander and Geralyn M. Koeberlein a4th ed. aBoston:bHoughton Mifflin Companyc2007 ax, 519p. (various pagings): ill. aGeometry aAlexander, Daniel C